00513nam a22001457a 4500008004100000040001800041041000800059245008800067260007100155300002300226500002100249500006200270630001100332650002400343130821s1928 fr gr fre  aCo-BoUCMbspa00afre03aLa Sainte Biblectraduction D'Apres les textes originaux par Le Chanoine A. Crampon aParís (Francia)bSociete de Saint Jean L'Evangelistec1928, 1938 avarios volúmenes aIncluye índice aLa edición de 1938 es Donación Juan Antonio Montalvo. 7aBiblia04aSagradas escrituras